Los servicios compartidos : cómo optimizar el departamento de recursos humanos /

Guardat en:
Dades bibliogràfiques
Autor principal: Reilly, Peter (autor)
Altres autors: Williams, Tony (autor) (autor)
Format: Llibre
Idioma:espanyol
Publicat: Madrid, España : Asociación Española de Normalización y Certificación, 2004, c2004
Matèries:
Etiquetes: Afegir etiqueta
Sense etiquetes, Sigues el primer a etiquetar aquest registre!

MARC

LEADER 00000nam^a2200000^a^4500
001 000189867
005 20250521000000.0
009 20260310102429.272
020 |a 84-8143-407-8 
037 |a Acervo ITESO - Biblioteca 
041 |a ESP 
082 |a 658. 3  |b REI 
100 |a Reilly, Peter  |e (autor) 
245 1 4 |a Los servicios compartidos :  |b cómo optimizar el departamento de recursos humanos /  |c P. Reilly, T. Williams ; tr. por Prem Dam. 
264 4 |a Madrid, España :  |b Asociación Española de Normalización y Certificación,  |c 2004, c2004 
300 |a 266 p. 
336 |a texto  |b txt  |2 rdacontenido 
337 |a sin mediación  |b n  |2 rdamedio 
338 |a volumen  |b nc  |2 rdasoporte 
500 |a Traducción de: How to Get Best Value from HR. The Shares Services Option 
649 |a XX 
650 |a Prestación del Servicio -  |x Tema Principal 
650 |a Consultoría de Empresas 
650 |a Subcontratación de Servicios 
650 |a Estrategia en los Negocios 
650 |a Cambio Organizacional 
650 |a Proceso Administrativo 
650 |a Royal Bank of Scotland 
650 |a Bancos y Operaciones Bancarias -  |z Inglaterra 
650 |a Administración 
650 |a Recursos Humanos 
650 |a Ciencias Administrativas 
700 |a Williams, Tony  |e (autor) 
910 |a Fondo General 
920 |a Impresos - Libros 
930 |a Colección General 
905 |a 101 
901 |a 0500132938  |b IT1  |c ACC  |u 20250521 
902 |a https://opac.biblio.iteso.mx/vufind/Record/000189867